| 000 | 01219nam a22003737a 4500 | ||
|---|---|---|---|
| 003 | CHAP | ||
| 005 | 20220817044304.0 | ||
| 008 | 090918s it b rn 00010 eng d | ||
| 010 | _a96751 | ||
| 011 | _a97723 | ||
| 020 | _a9789251057629 | ||
| 035 | _a108393 | ||
| 040 | _cCHAP | ||
| 082 | 0 | 4 |
_a636.08 _bF32y |
| 110 | 2 | _aFAO | |
| 245 | 1 | 4 |
_aThe state of the world's animal genetic resources for food and agriculture _c/editado por Dafydd Pilling y Barbara Rischkowsky |
| 260 |
_aRome : _bFAO, _c2007 |
||
| 300 |
_axxxvii, 511 p. : _bcuadros, gráfs., mapas |
||
| 590 |
_aBATCH-UPD _b10 _c20130110 _lUCH01 _h1153 |
||
| 590 |
_aBATCH-UPD _b10 _c20130410 _lUCH01 _h0737 |
||
| 590 |
_aBATCH-UPD _b10 _c20130914 _lUCH01 _h1504 |
||
| 590 |
_aCONVERSION _b10 _c20130109 _lUCH01 _h1353 |
||
| 650 | 1 | 4 |
_aAnimales domesticos. _95889 |
| 650 | 1 | 4 |
_aGanadería. _944604 |
| 650 | 1 | 4 |
_aGanado. _944888 |
| 650 | 1 | 4 | _aGenética animal. |
| 650 | 1 | 4 |
_aGermoplasma. _947766 |
| 650 | 1 | 4 |
_aRecursos genéticos. _995078 |
| 700 | 1 |
_aPilling, Dafydd _e, ed. _988075 |
|
| 700 | 1 |
_aRischkowsky, Barbara _e, ed. _997509 |
|
| 901 | _aBK | ||
| 942 | _cLIBRO | ||
| 949 |
_a636.08 F32y _bBC _cFAO _d33724002072157 _eFAO1 _gDonaciØn _h110880 _i108393 _sb |
||
| 999 |
_c96751 _d96751 |
||